Понятие обладания (к проблеме сравнительного изучения национальных менталитетов); Филологические науки. Вопросы теории и практики; № 3

Dades bibliogràfiques
Parent link:Филологические науки. Вопросы теории и практики.— , 2008-
№ 3.— 2011.— [С. 148-150]
Autor principal: Сенцов А. Э. Аркадий Эдуардович
Altres autors: Остроумова А. Ю. Алина Юрьевна
Sumari:Заглавие с экрана
В статье рассматривается понятие обладания во французском и русском языках через изучение лексических единиц, обслуживающих данное понятие. Исследуя соответствующие лексемы, авторы выделяют структуру понятия обладания во французском и русском языках и проводят сравнительный анализ понятия обладания во французской и русской лингвокультурах.
The authors consider possession notion in French and Russian by studying lexical units serving this notion. Researching the corresponding lexemes the authors distinguish possession notion structure in French and Russian and conduct the comparative analysis of possession notion in French and Russian linguo-cultures.
Режим доступа: по договору с организацией-держателем ресурса
Idioma:rus
Publicat: 2011
Col·lecció:Филологические науки
Matèries:
Accés en línia:http://elibrary.ru/item.asp?id=16922847
http://www.gramota.net/materials/2/2011/3/44.html
Format: Electrònic Capítol de llibre
KOHA link:https://koha.lib.tpu.ru/cgi-bin/koha/opac-detail.pl?biblionumber=642529

MARC

LEADER 00000nla0a2200000 4500
001 642529
005 20250205143516.0
035 |a (RuTPU)RU\TPU\network\7486 
035 |a RU\TPU\network\7451 
090 |a 642529 
100 |a 20150626d2011 k||y0rusy50 ca 
101 0 |a rus 
102 |a RU 
135 |a drcn ---uucaa 
181 0 |a i  
182 0 |a b 
200 1 |a Понятие обладания (к проблеме сравнительного изучения национальных менталитетов)  |d Possession Notion (to the Problem of the Comparative Study of National Mentalities)  |f А. Э. Сенцов, А. Ю. Остроумова 
203 |a Текст  |c электронный 
225 1 |a Филологические науки 
300 |a Заглавие с экрана 
320 |a [Библиогр.: с. 150 (7 назв.)] 
330 |a В статье рассматривается понятие обладания во французском и русском языках через изучение лексических единиц, обслуживающих данное понятие. Исследуя соответствующие лексемы, авторы выделяют структуру понятия обладания во французском и русском языках и проводят сравнительный анализ понятия обладания во французской и русской лингвокультурах. 
330 |a The authors consider possession notion in French and Russian by studying lexical units serving this notion. Researching the corresponding lexemes the authors distinguish possession notion structure in French and Russian and conduct the comparative analysis of possession notion in French and Russian linguo-cultures. 
333 |a Режим доступа: по договору с организацией-держателем ресурса 
461 |t Филологические науки. Вопросы теории и практики  |d 2008- 
463 |t № 3  |v [С. 148-150]  |d 2011 
510 1 |a Possession Notion (to the Problem of the Comparative Study of National Mentalities)  |z eng 
610 1 |a электронный ресурс 
610 1 |a труды учёных ТПУ 
610 1 |a обладание 
610 1 |a языковая картина мира 
610 1 |a лексические единицы 
610 1 |a национальный менталитет 
610 1 |a сравнительное изучение 
700 1 |a Сенцов  |b А. Э.  |c лингвист  |c доцент Томского политехнического университета, кандидат политических наук  |f 1983-  |g Аркадий Эдуардович  |3 (RuTPU)RU\TPU\pers\27933 
701 1 |a Остроумова  |b А. Ю.  |c лингвист  |c преподаватель Томского политехнического университета  |f 1981-  |g Алина Юрьевна  |3 (RuTPU)RU\TPU\pers\30944  |9 15182 
801 2 |a RU  |b 63413507  |c 20170111  |g RCR 
856 4 |u http://elibrary.ru/item.asp?id=16922847 
856 4 |u http://www.gramota.net/materials/2/2011/3/44.html 
942 |c CF